000 00261nam a22001097a 4500
020 _a9781338185546
100 _aKent Clark
245 _aPeter Powers and His Not-So- Super Powers
260 _aNew York
_bScholastic
_c2016
300 _a117 pgs
942 _cBK
999 _c260722
_d260721